|
|
|
|
| LEADER |
00000cam a2200000 7i4500 |
| 001 |
0000002086 |
| 005 |
20021007.0 |
| 020 |
0 |
0 |
|a 0709947712 (v. 1)
|
| 090 |
0 |
0 |
|a R333.91815
|b ECO 1988
|
| 245 |
0 |
4 |
|a The ECOLOGY and management of wetlands
|c D. D. Hook ... (et al.)
|
| 260 |
0 |
0 |
|a London :
|b Groom Helm ,
|c 1988
|
| 300 |
|
|
|a 592 p. :
|b ill. ;
|c 24 cm.
|
| 500 |
0 |
0 |
|a Includes bibliographical references and index
|
| 500 |
0 |
0 |
|a Vol. 1: Ecology of wetlands
|
| 650 |
0 |
0 |
|a Wetland conservation
|
| 650 |
0 |
0 |
|a Wetland ecology
|
| 700 |
0 |
1 |
|a Hook
|h Donal D.
|
| 998 |
|
|
|a JPSM
|
| 999 |
|
|
|a 0000000592
|b Monograph
|c Reference
|e Default branch
|